Migration, human rights and governance (Record no. 131)
[ view plain ]
| 000 -LEADER | |
|---|---|
| fixed length control field | 00605nam a2200181Ia 4500 |
| 008 - FIXED-LENGTH DATA ELEMENTS--GENERAL INFORMATION | |
| fixed length control field | 240428s9999||||xx |||||||||||||| ||und|| |
| 020 ## - INTERNATIONAL STANDARD BOOK NUMBER | |
| International Standard Book Number | 0789291426379 |
| 041 ## - LANGUAGE CODE | |
| Language code of text/sound track or separate title | eng |
| 082 ## - DEWEY DECIMAL CLASSIFICATION NUMBER | |
| Classification number | 304.8 IN |
| 100 ## - MAIN ENTRY--PERSONAL NAME | |
| Personal name | Inter-Parliamentary Union - International Labour Organization - United Nations Human rights |
| 245 #0 - TITLE STATEMENT | |
| Title | Migration, human rights and governance |
| 250 ## - EDITION STATEMENT | |
| Edition statement | Handbook for Parliamentarians No. 24 |
| 260 ## - PUBLICATION, DISTRIBUTION, ETC. | |
| Name of publisher, distributor, etc. | Inter-Parliamentary Union |
| Date of publication, distribution, etc. | 2015 |
| 300 ## - PHYSICAL DESCRIPTION | |
| Extent | 192p.: photos |
| 650 ## - SUBJECT ADDED ENTRY--TOPICAL TERM | |
| Topical term or geographic name entry element | Migration- Latin America - Human Rights- Migration - International Migration |
| 942 ## - ADDED ENTRY ELEMENTS (KOHA) | |
| Koha item type | Books |
| Withdrawn status | Lost status | Damaged status | Not for loan | Home library | Current library | Shelving location | Date acquired | Total checkouts | Full call number | Date last seen | Copy number | Price effective from | Koha item type |
|---|---|---|---|---|---|---|---|---|---|---|---|---|---|
| Main Library | Main Library | Open Shelves | 05/08/2021 | 304.8IN 945 C1 | 29/04/2024 | 1 | 29/04/2024 | Books |